| 000 | 01133nam a2200313 a 4500 | ||
|---|---|---|---|
| 001 | 000038895 | ||
| 003 | DO-SdBNP | ||
| 005 | 20171018082709.0 | ||
| 008 | 130306s2009 dr 001 0 spa d | ||
| 020 | _a9789945449129 | ||
| 040 |
_aBPMSU _bspa _cBPMSU |
||
| 082 | 0 | 4 |
_a248.4 _bR788a |
| 100 | 1 |
_aRosa y Carpio, Ramón Benito de la, _cMons., _d1939- |
|
| 245 | 1 | 0 |
_aAntes de un momento / _cRamón Benito de la Rosa y Carpio. |
| 260 |
_aSanto Domingo : _bGráficas ITESA, _c2009 |
||
| 300 |
_a187 p. ; _c24 cm. |
||
| 490 | 1 | _aLibros de la Rosa | |
| 500 | _aIncluye datos biográficos del autor en las solapas | ||
| 650 | 4 | _aEJERCICIOS ESPIRITUALES | |
| 650 | 4 | _aVIDA ESPIRITUAL | |
| 651 | 4 |
_aREPÚBLICA DOMINICANA _xCONDICIONES SOCIALES _xENSAYOS, CONFERENCIAS, ETC. |
|
| 651 | 4 |
_aREPÚBLICA DOMINICANA _xVIDA SOCIAL Y COSTUMBRES _xENSAYOS, CONFERENCIAS, ETC. |
|
| 651 | 4 |
_aREPÚBLICA DOMINICANA _xHISTORIA _xENSAYOS, CONFERENCIAS, ETC. |
|
| 830 | 0 | _aLibros de la Rosa | |
| 910 | _aValidado. Control de la calidad | ||
| 942 |
_2ddc _cBK |
||
| 945 | _aInventariado / 2017 VM | ||
| 956 |
_aBTAVAREZ _b10 _c20171018 _lBPMSU _h0038 |
||
| 999 |
_c12624 _d12624 |
||